000 00451cam a2200181ua 4500
020 _a81-7233-046-4
041 _aeng
_h
082 _a633.850 72
_bKUM/AD
100 _aKumar , D .
245 _aAdvances in oilseed research, Vol 1 /
_cD Kumar.
_hTextual Documents
260 _aIndia :
_bScientific Publishers ,
_c1992.
300 _a400 ; .
500 _a** Reference
504 _a
700 1 _aRai, M .
942 _cBK
999 _c554
_d554